SAFTA: Potential and challenges / (Record no. 500)
[ view plain ]
| 000 -LEADER | |
|---|---|
| fixed length control field | 00540nam a2200205 4500 |
| 001 - CONTROL NUMBER | |
| control field | 689 |
| 005 - DATE AND TIME OF LATEST TRANSACTION | |
| control field | 20181127161839.0 |
| 010 00 - LIBRARY OF CONGRESS CONTROL NUMBER | |
| LC control number | |
| 020 00 - INTERNATIONAL STANDARD BOOK NUMBER | |
| International Standard Book Number | 9380297025 |
| 090 00 - LOCALLY ASSIGNED LC-TYPE CALL NUMBER (OCLC); LOCAL CALL NUMBER (RLIN) | |
| Classification number (OCLC) (R) ; Classification number, CALL (RLIN) (NR) | 382.710954 H9721s 2009 |
| 100 00 - MAIN ENTRY--PERSONAL NAME | |
| Personal name | Hussain, Yasir. |
| 245 00 - TITLE STATEMENT | |
| Title | SAFTA: Potential and challenges / |
| Remainder of title | |
| Statement of responsibility, etc. | Yasir Hussain. |
| Medium | |
| 250 00 - EDITION STATEMENT | |
| Edition statement | |
| 260 00 - PUBLICATION, DISTRIBUTION, ETC. | |
| Place of publication, distribution, etc. | New Delhi : |
| Name of publisher, distributor, etc. | Epitome Books, |
| Date of publication, distribution, etc. | 2009. |
| 300 00 - PHYSICAL DESCRIPTION | |
| Extent | xii, 180 p. |
| 500 00 - GENERAL NOTE | |
| General note | |
| 650 00 - SUBJECT ADDED ENTRY--TOPICAL TERM | |
| Topical term or geographic name entry element | Free trade --South Asia. |
| General subdivision | |
| Topical term or geographic name entry element | South Asia --Economic integration. |
| General subdivision | |
| Topical term or geographic name entry element | Trade blocs --South Asia. |
| General subdivision | |
| Withdrawn status | Lost status | Source of classification or shelving scheme | Damaged status | Not for loan | Collection code | Home library | Current library | Shelving location | Date acquired | Serial Enumeration / chronology | Inventory number | Full call number | Barcode | Date last seen | Price effective from | Koha item type |
|---|---|---|---|---|---|---|---|---|---|---|---|---|---|---|---|---|
| Dewey Decimal Classification | Main TEST | RTC Library | RTC Library | Main opac | 13/06/2022 | 4046 | 382.7 HUS 2009 | 30002732 | 27/11/2018 | 27/11/2018 | Main |